00677nam a2200157 a 450000100100000000500170001000800410002704000250006824500730009326000870016630000280025304900090028195201040029095201100039499900150050400000798520200929154359.0090914s1987 dr a 000 0 spa d aDO-SdBNPbspacBNPHU00aDominican Republic :binvestors handbook and business guide 1986-87. aSanto Domingo, :bAmerican chamber of commerce of the dominican republic,c[1987]. a334 p. :bil. ;c23 cm. aBNPD 0010718PDaPDbPDcCTd2009-09-14iLF1l0o p7985-10r2020-06-25w2020-06-25yLFPDZNo se presta 0010718PDaPDbPDcCTd2009-09-14iLF1l0o p7985-20r2020-06-25te. 2w2020-06-25yLFPDZNo se presta c7762d7762